| 000 | 00702nam a2200241Ia 4500 | ||
|---|---|---|---|
| 003 | OSt | ||
| 005 | 20220918213820.0 | ||
| 006 | a|||||r|||| 00| 0 | ||
| 007 | ta | ||
| 008 | 220917b |||||||| |||| 00| 0 eng d | ||
| 024 | _a134,401 | ||
| 037 | _cTextual | ||
| 040 |
_aARTS _cARTS _beng |
||
| 041 |
_2eng _aeng |
||
| 082 | _aX:75, L8 | ||
| 100 |
_aHanan Mack _9128541 |
||
| 245 | 0 |
_aAccelerated growth planning _b profit improvement strtegies for consumer, industrial, and service business game plans |
|
| 260 |
_aNew York _bMcGraw-Hill _c1978 |
||
| 300 |
_axii,340p. illus _ccm. |
||
| 650 | _aECONOMICS | ||
| 942 |
_hX:75, L8 _cTEXL _2CC |
||
| 999 |
_c257504 _d257504 |
||